| 000 | 00395nam a2200145Ia 4500 | ||
|---|---|---|---|
| 008 | 210210b1995 xxu||||| |||| 00| 0 eng d | ||
| 082 | _a001.51 RATC | ||
| 100 | _aRATHNASWAMY (P). | ||
| 245 | _aCommunication management: theory and practice. | ||
| 260 |
_aNE _bDeep and Deep Pub. _c1995 |
||
| 300 | _a52113 | ||
| 650 | _aCommunication management | ||
| 690 | _aCommunication | ||
| 906 | _a052113 | ||
| 999 |
_c100634 _d100634 |
||